| 000 | 00357nam a22001457a 4500 | ||
|---|---|---|---|
| 020 | _a81-239-0774-5 | ||
| 082 |
_a510 _bRAH/F |
||
| 100 | _aRAHI, VIKAS | ||
| 245 | _aFUNDAMENTALS OF INTEGRAL CALCULUS | ||
| 250 | _aFIRST EDITION | ||
| 260 |
_aDELHI _bCBS PUBLISHERS AND DISTRIBUTORS _c2002 |
||
| 300 | _a238 | ||
| 650 |
_aMATHS REFERENCE _zINDIA |
||
| 942 | _cBK | ||
| 999 |
_c1265 _d1265 |
||